[Event "AUTO-INT-3186"]
[Site "http://www.queenalice.com/game.php?id=1466009"]
[Date "2017.2.22"]
[Round "2"]
[White "Quiaseze"]
[Black "akleetch"]
[Result "1-0"]
[WhiteElo "1912"]
[BlackElo "1908"]

1. e4 e5 2. Bc4 Nc6 3. Qf3 Nf6 4. Ne2 d6 5. d3 h6 6. Nbc3 a6 7. O-O Bg4 8. Qe3
Nb4 9. Bb3 d5 10. exd5 Bxe2 11. Qxe2 Bd6 12. a3 Nxc2 13. Qxc2 Qe7 14. Bd2 Rc8
15. f4 O-O 16. Rae1 Rfe8 17. fxe5 Bxe5 18. Kh1 Qd6 19. h3 Nh5 20. Ne4 Qg6 21.
Rf3 Red8 22. d6 Bf6 23. Nxf6+ Nxf6 24. Re7 cxd6 25. Qd1 d5 26. Rxb7 Rd6 27. Bb4
Rdc6 28. Kh2 Qg5 29. Bc3 Re8 30. Bxf6 Rxf6 31. Rd7 Qe5+ 32. Kg1 Rd6 33. Rdxf7
Rg6 34. R7f5 Qe1+ 35. Qxe1 Rxe1+ 36. Kf2 Rb1 37. Bxd5+ Kh7 38. Rf8 Rxb2+ 39. Ke3
Rgxg2 40. Be4+ g6 41. R3f7# 1-0

[Event "AUTO-INT-3181"]
[Site "http://www.queenalice.com/game.php?id=1467349"]
[Date "2017.3.4"]
[Round "2"]
[White "Quiaseze"]
[Black "Karstax"]
[Result "0-1"]
[WhiteElo "1855"]
[BlackElo "1877"]

1. e4 e5 2. Bc4 Nf6 3. Qf3 c6 4. d3 d5 5. exd5 cxd5 6. Bb3 a6 7. Bg5 Be6 8. Bxf6
Qxf6 9. Bxd5 Bxd5 10. Qxd5 Nc6 11. Nc3 Be7 12. Ne4 Qf5 13. Nf3 O-O 14. O-O Rab8
15. Nc5 Rfd8 16. Qc4 Nd4 17. Nb3 Nxf3+ 18. gxf3 Qxf3 19. Qe4 Qf6 20. Kh1 b6 21.
f4 exf4 22. Rxf4 Qd6 23. Raf1 f6 24. R4f2 Rf8 25. Nd4 Rbe8 26. Nf5 Qc5 27. Qg2
g6 28. d4 Qc7 29. Nxe7+ Qxe7 30. c4 Kg7 31. a3 Qe3 32. d5 Qd4 33. b3 Re3 34. Rd2
Rd3 35. Rxd3 Qxd3 36. Qf3 Qxf3+ 37. Rxf3 Rd8 38. Kg2 Rd6 39. Kg3 h5 40. h4 f5
41. Kf4 Kh6 42. Re3 Rd7 43. Re6 Rb7 44. d6 Rd7 0-1

[Event "AUTO-INT-3181"]
[Site "http://www.queenalice.com/game.php?id=1467350"]
[Date "2017.3.4"]
[Round "2"]
[White "Karstax"]
[Black "Quiaseze"]
[Result "1-0"]
[WhiteElo "1892"]
[BlackElo "1840"]

1. e4 e5 2. Nf3 Nc6 3. Bc4 Bc5 4. Ng5 Qxg5 5. O-O Qg6 6. Qf3 Nf6 7. d3 d6 8. c3
Bg4 9. Qg3 O-O 10. b4 Bb6 11. a3 Nh5 12. Qh4 Kh8 13. h3 Bf3 14. Qg5 Qxg5 15.
Bxg5 f6 16. Bc1 Ng3 17. Re1 Bh5 18. Kh2 Bxf2 19. Bd2 Bxe1 20. Bxe1 Ne2 21. d4
exd4 22. g4 Bxg4 23. hxg4 Nxc3 24. Nxc3 dxc3 25. Bxc3 Ne5 26. Be2 Rad8 27. Rd1
c6 28. a4 d5 29. exd5 cxd5 30. a5 Rfe8 31. Bd4 Nc6 32. Bb5 Re4 33. Bf2 Rxb4 34.
Bxc6 bxc6 35. Re1 Rb2 36. Kg3 d4 37. Bxd4 Rb3+ 38. Kg2 h6 39. Bxa7 Rd2+ 40. Kg1
Rg3+ 41. Kf1 Rxg4 42. Bf2 Rf4 43. Re2 Rxe2 44. Kxe2 Ra4 45. Bb6 1-0

[Event "AUTO-INT-3181"]
[Site "http://www.queenalice.com/game.php?id=1467352"]
[Date "2017.3.4"]
[Round "2"]
[White "vangogh"]
[Black "Quiaseze"]
[Result "0-1"]
[WhiteElo "1535"]
[BlackElo "1906"]

1. e4 e5 2. d4 exd4 3. Qxd4 Nc6 4. Qd1 Bc5 5. Nc3 Qf6 6. Nf3 Nge7 7. Bg5 Qg6 8.
h4 h6 9. Bxe7 Nxe7 10. Ne5 Qf6 11. Nf3 d6 12. Qe2 Bg4 13. g3 Bxf3 14. Qb5+ c6
15. Qxb7 O-O 16. Rg1 Bg4 17. Rg2 Rab8 18. Qa6 Rxb2 19. Nd1 Rxc2 20. Rb1 Qd4 21.
Be2 Qd2+ 0-1

[Event "AUTO-OPEN-3749"]
[Site "http://www.queenalice.com/game.php?id=1471035"]
[Date "2017.3.29"]
[Round "2"]
[White "Pin"]
[Black "Quiaseze"]
[Result "1-0"]
[WhiteElo "1941"]
[BlackElo "1916"]

1. e4 e5 2. f4 exf4 3. Bc4 Bc5 4. d4 Bb6 5. Nf3 d6 6. Bxf4 Qf6 7. Be3 Nc6 8. O-O
Qg6 9. Nc3 Nf6 10. Ng5 O-O 11. Qd2 Bxd4 12. Bxd4 Nxd4 13. Qxd4 Qxg5 14. Rf3 Re8
15. Raf1 Re5 16. Rg3 Qh6 17. Nd5 Nxe4 18. Rd3 c5 19. Qxe5 dxe5 20. Nc7 g6 21.
Bxf7+ Kg7 22. Nxa8 Bf5 23. Bb3 Nf6 24. Rg3 Ne4 25. Rxf5 1-0

[Event "AUTO-OPEN-3749"]
[Site "http://www.queenalice.com/game.php?id=1471036"]
[Date "2017.3.29"]
[Round "2"]
[White "Quiaseze"]
[Black "Pin"]
[Result "0-1"]
[WhiteElo "1901"]
[BlackElo "1956"]

1. e4 d6 2. Bc4 Nf6 3. d3 g6 4. Bg5 Bg7 5. Nc3 O-O 6. f4 c6 7. Nf3 Be6 8. Bxe6
fxe6 9. O-O Nbd7 10. e5 Nd5 11. Nxd5 cxd5 12. exd6 Nf6 13. dxe7 Qxe7 14. Ne5 Qe8
15. Bxf6 Bxf6 16. d4 Bxe5 17. fxe5 Rxf1+ 18. Qxf1 Rc8 19. c3 Qe7 20. Qe2 a6 21.
Rf1 Rf8 22. Rxf8+ Qxf8 23. Qg4 Qf7 24. h3 Kg7 0-1

[Event "AUTO-OPEN-3749"]
[Site "http://www.queenalice.com/game.php?id=1471039"]
[Date "2017.3.29"]
[Round "2"]
[White "Nille"]
[Black "Quiaseze"]
[Result "1-0"]
[WhiteElo "1844"]
[BlackElo "1799"]

1. e4 e5 2. Nf3 Nc6 3. Bc4 Bc5 4. d3 d6 5. h3 h6 6. a3 Qf6 7. Nc3 Nge7 8. Be3
Nd4 9. O-O Nxf3+ 10. Qxf3 Qxf3 11. gxf3 Bxh3 12. Rfe1 f5 13. Bxc5 dxc5 14. exf5
O-O-O 15. Rxe5 Nc6 16. Rxc5 Rhf8 17. Be6+ Kb8 18. Kh2 Bxf5 19. Bxf5 Nd4 20. Be4
Nxc2 21. Rc1 b6 22. Re5 Nd4 23. Re7 g5 24. Nd5 Nxf3+ 25. Kh1 Nd2 26. Nxc7 Nxe4
27. dxe4 Rxf2 28. Nd5 Rc8 29. Rxc8+ Kxc8 30. b4 Re2 31. Rxa7 Rxe4 32. Nxb6+ Kb8
33. Rh7 Re6 34. a4 Rxb6 35. b5 Ka8 36. Kh2 Rg6 37. a5 g4 38. b6 g3+ 39. Kg2 Rg5
40. a6 Rb5 41. Rxh6 1-0

[Event "AUTO-OPEN-3749"]
[Site "http://www.queenalice.com/game.php?id=1471040"]
[Date "2017.3.29"]
[Round "2"]
[White "Quiaseze"]
[Black "Nille"]
[Result "1-0"]
[WhiteElo "1903"]
[BlackElo "1837"]

1. e4 e5 2. Bc4 Nf6 3. Qf3 d6 4. d3 h6 5. Nc3 Be7 6. Nd5 Nc6 7. Ne2 Be6 8. Bb3
Na5 9. Nxf6+ Bxf6 10. Bxe6 fxe6 11. Qh5+ Kd7 12. d4 exd4 13. Qxa5 c6 14. Qb4 Qc7
15. Nxd4 c5 16. Qb5+ Ke7 17. Nf3 a6 18. Qb3 Rhe8 19. O-O b5 20. Bf4 Kf7 21. Rad1
c4 22. Qb4 Rad8 23. Bxd6 Qc6 24. Be5 Qxe4 25. Rxd8 Rxd8 26. Re1 Qxc2 27. Bxf6
Kxf6 28. h4 Ra8 29. Rxe6+ Kxe6 30. Nd4+ 1-0